01581cam a2200301 a 4500999001500000001000900015003000400024005001700028008004100045010001700086020003200103020002600135040001800161042000800179050002500187082002100212100002900233245004900262250001200311260004600323300002100369504005400390505063300444650002301077906004501100942001201145952012201157 c5141d514116614133OSt20181221112346.0110118s2011 flu b 000 0 eng  a 2011002209 a9781616382780 (trade paper) a9781616384234 (ebook) aDLCcDLCdDLC apcc00aBV4509.5b.P565 201100a235.4222bP615T1 aPierce, Chuck D.,d1953-10aTime to defeat the devil /cChuck D. Pierce. a1st ed. aLake Mary, Fla. :bCharisma House,c2011. a262 p. ;c23 cm. aIncludes bibliographical references (p. 260-262).0 aThere is a moment for change -- See your future and go beyond -- Break into his cycles of blessinsg -- Doorways to going beyond -- Pass over-god's plan for freedom -- God's ten-step program to freedom for israel -- The blood key -- The word key -- Sinai-god establishes a new order -- Jesus-our best example in the wilderness -- See past mammon -- See your promise from god's perspective -- The need for mending -- God's plan for wholeness -- Breaking the power of vexation -- Guard against the enemy's tools -- He is the father of your spirit -- A renewed spirit -- His promise is: "we will overcome" -- Nourishing your spirit. 0aSpiritual warfare. a7bcbccorignewd1eecipf20gy-gencatlg 2ddccBK 00102ddc40708NFICaHMCbHMCcGENd2018-12-21g890.00l0o235.4 P615Tp005853r2018-12-21 00:00:00w2018-12-21yBK